Movies Quiz

Random Movies or Actor Quiz
Score 0/16 Timer 08:00
6 Plays Today
% Correct
James Bond (James Bond series)
92.8%
The Wicked Witch (The Wizard of Oz)
88.8%
Woody (Toy Story)
87.2%
Princess Leia (Star Wars)
84.3%
Ariel (The Little Mermaid)
83.1%
Dory (Finding Nemo)
82.8%
Indiana Jones (Indiana Jones series)
77.7%
Hannibal Lecter (Silence of the Lambs)
77.2%
% Correct
Gollum (Lord of the Rings)
71.4%
The Dude (The Big Lebowski)
70.6%
Borat Sagdiyev (Borat: American Cultural Learnings...)
67.1%
Inigo Montoya (The Princess Bride)
64%
The Bride (Kill Bill)
60.5%
Napoleon (Napoleon Dynamite)
49.4%
King Arthur (Monty Python and the Holy Grail)
41.1%
Annie Wilkes (Misery)
34.3%
Remove Ads.
Support Sporcle.
Get the best of Sporcle when you Go Orange. This ad-free experience offers more features, more stats, and more fun while also helping to support Sporcle. Thank you for becoming a member.

You're not logged in!

Compare scores with friends on all Sporcle quizzes.
OR
Log In

Show Comments

Extras

Top Quizzes Today


Score Distribution

Your Account Isn't Verified!

In order to create a playlist on Sporcle, you need to verify the email address you used during registration. Go to your Sporcle Settings to finish the process.

Report this User

Report this user for behavior that violates our Community Guidelines.

Details: